[Event "1. OEsterreichische Internet Schach Meisterschaft - Vorrunde 3"]
[Site "Online - Playchess.com"]
[Date ""]
[Round "5"]
[Board "7"]
[White "Kwech, Andreas"]
[Black "Mostbauer, Florian"]
[Result "0-1"]
[WhiteElo "1901"]
[BlackElo "2309"]
[PlyCount "126"]
[EventDate "2020.04.17"]
[EventRounds "9"]
[EventCountry "AUT"]

1. e4 c6 2. d4 d5 3. Nc3 dxe4 4. Nxe4 Nd7 5. Bd3 Ngf6 6. Ng5 e6 7. N1f3 Bd6 8. Qe2
h6 9. Nxe6 fxe6 10. Bg6+ Ke7 11. O-O Nf8 12. Bd3 Qc7 13. c4 c5 14. d5 Bd7 15. Re1
Re8 16. dxe6 Bxe6 17. Qc2 Kd8 18. Bd2 Kc8 19. a3 Bd7 20. b4 Ne6 21. Bc3 Nf4 22. Bf5
Bxf5 23. Qxf5+ Qd7 24. Qc2 Rxe1+ 25. Rxe1 Re8 26. Rxe8+ Qxe8 27. g3 Ne2+ 28. Kg2
Nxc3 29. Qxc3 Qe4 30. Kf1 a6 31. Nd2 Qd4 32. Qxd4 cxd4 33. Ke2 a5 34. c5 Be7 35.
Kd3 axb4 36. axb4 Ng4 37. f3 Nxh2 38. Kxd4 Bg5 39. f4 Bf6+ 40. Kc4 Ng4 41. Ne4 Kc7
42. b5 Ne3+ 43. Kd3 Nf5 44. Kc4 Ne7 45. g4 Ng6 46. g5 hxg5 47. fxg5 Be7 48. Kd5 Nf4+
49. Ke5 Nd3+ 50. Kd4 Nb2 51. Kd5 Na4 52. g6 Kd7 53. c6+ bxc6+ 54. bxc6+ Ke8 55. Ke6
Nb6 56. Nd6+ Bxd6 57. Kxd6 Nc8+ 58. Ke6 Ne7 59. Kd6 Nxg6 60. c7 Ne7 61. Ke6 g6 62.
Kf6 Kd7 63. c8=Q+ Kxc8  0-1

[Event "1. OEsterreichische Internet Schach Meisterschaft - Vorrunde 3"]
[Site "Online - Playchess.com"]
[Date ""]
[Round "5"]
[Board "8"]
[White "Hofmann, Thomas"]
[Black "Froewis, Annika"]
[Result "0-1"]
[WhiteElo "2215"]
[BlackElo "2136"]
[PlyCount "112"]
[EventDate "2020.04.17"]
[EventRounds "9"]
[EventCountry "AUT"]

1. d4 d5 2. c4 e6 3. Nc3 Nf6 4. cxd5 exd5 5. Bg5 Be7 6. e3 c6 7. Bd3 Nbd7 8. Nge2
O-O 9. h3 Re8 10. Qc2 Nf8 11. g4 b5 12. O-O-O b4 13. Na4 Rb8 14. b3 Bd7 15. Bf4 Ra8
16. Kb1 Ne6 17. Bg3 c5 18. dxc5 Bxa4 19. bxa4 Nxc5 20. Bb5 Rf8 21. f3 a6 22. Bd3
Re8 23. Nd4 g6 24. Rc1 Rc8 25. Qd1 Qa5 26. Bc2 Bf8 27. Bf2 Bg7 28. Bb3 Nfd7 29. h4
Ne5 30. h5 Ncd3 31. Qd2 Rxc1+ 32. Rxc1 Nxc1 33. Qxc1 Nd3 34. Qd2 Nxf2 35. Qxf2 Qc5
36. hxg6 hxg6 37. Qd2 a5 38. Nc2 Rd8 39. Nd4 Rc8 40. Nc2 Rd8 41. Nd4 Bxd4 42. exd4
Qe7 43. Kc2 Rc8+ 44. Kd1 Qe6 45. Qe2 Qf6 46. Qe5 Qxf3+ 47. Qe2 Qxe2+ 48. Kxe2 Rd8
49. Ke3 Kg7 50. Kf4 Kf6 51. g5+ Ke6 52. Bd1 Kd6 53. Be2 Re8 54. Bb5 Re4+ 55. Kf3
Rxd4 56. Be8 Ke7  0-1

[Event "1. OEsterreichische Internet Schach Meisterschaft - Vorrunde 3"]
[Site "Online - Playchess.com"]
[Date ""]
[Round "5"]
[Board "9"]
[White "Sadilek, Peter"]
[Black "Kuba, Guenther"]
[Result "1-0"]
[WhiteElo "2340"]
[BlackElo "2348"]
[PlyCount "105"]
[EventDate "2020.04.17"]
[EventRounds "9"]
[EventCountry "AUT"]

1. d4 d5 2. c4 Nc6 3. Nc3 Nf6 4. Nf3 dxc4 5. e4 Bg4 6. d5 Ne5 7. Bf4 Ng6 8. Bg3 e5
9. dxe6 Qxd1+ 10. Rxd1 Bxe6 11. Nd4 Bd7 12. Bxc4 Bb4 13. O-O Bxc3 14. bxc3 c6 15.
Bd6 O-O-O 16. e5 Ne4 17. Bxf7 Nxc3 18. Rde1 Be8 19. Be6+ Bd7 20. f4 Bxe6 21. Nxe6
Rd7 22. f5 Ne7 23. Nc5 Ned5 24. Nxd7 Kxd7 25. Bc5 b6 26. e6+ Ke8 27. Bd4 Rg8 28.
Rf3 Nb5 29. Be5 Ke7 30. Rh3 h6 31. Rg3 g5 32. a4 Nd6 33. Bxd6+ Kxd6 34. Rh3 Rh8 35.
Rd3 Ke7 36. Rd2 Kd6 37. Rc1 Rf8 38. Rf1 Ke7 39. g4 Kd6 40. h3 Ke7 41. Kg2 Kf6 42.
Rxd5 cxd5 43. Rc1 Ke5 44. Kf3 d4 45. Rc7 Kd6 46. Rd7+ Ke5 47. Rxa7 Rc8 48. Ke2 Ke4
49. f6 d3+ 50. Kd1 Ke3 51. e7 d2 52. e8=Q+ Rxe8 53. Re7+  1-0

[Event "1. OEsterreichische Internet Schach Meisterschaft - Vorrunde 3"]
[Site "Online - Playchess.com"]
[Date ""]
[Round "5"]
[Board "10"]
[White "Schneider-Zinner, Harald"]
[Black "Diermair, Andreas"]
[Result "1/2-1/2"]
[WhiteElo "2381"]
[BlackElo "2465"]
[PlyCount "96"]
[EventDate "2020.04.17"]
[EventRounds "9"]
[EventCountry "AUT"]

1. d4 Nf6 2. Nf3 e6 3. c4 c5 4. e3 g6 5. Nc3 b6 6. d5 exd5 7. cxd5 Bg7 8. Be2 d6
9. O-O O-O 10. Qc2 Re8 11. a4 Na6 12. Qd2 Nb4 13. Rb1 Bf5 14. Ra1 a6 15. h3 Qd7 16.
Nh4 Be4 17. Bf3 g5 18. Nxe4 Rxe4 19. Bxe4 Nxe4 20. Qe2 gxh4 21. Qh5 Qe7 22. Rd1 Qf6
23. f3 Ng3 24. Qg4 Nc2 25. Rb1 b5 26. e4 Ne2+ 27. Kh1 Nxc1 28. Rdxc1 Nd4 29. axb5
axb5 30. Ra1 Rb8 31. b4 Nb3 32. e5 Qxe5 33. Re1 Qxd5 34. Rad1 Nd4 35. bxc5 dxc5 36.
Qxh4 b4 37. Qg3 Rd8 38. Re4 h5 39. Rde1 b3 40. Re5 Qd6 41. Re7 Qf6 42. Qc7 Rf8 43.
Qxc5 Nxf3 44. gxf3 Qxf3+ 45. Kh2 Qf4+ 46. Kh1 Qf3+ 47. Kh2 Qf4+ 48. Kh1 Qf3+  1/2-1/2

[Event "1. OEsterreichische Internet Schach Meisterschaft - Vorrunde 3"]
[Site "Online - Playchess.com"]
[Date ""]
[Round "5"]
[Board "11"]
[White "Schernthaner, David"]
[Black "Schwabeneder, Florian"]
[Result "0-1"]
[WhiteElo "2220"]
[BlackElo "2431"]
[PlyCount "110"]
[EventDate "2020.04.17"]
[EventRounds "9"]
[EventCountry "AUT"]

1. e4 c5 2. Nf3 d6 3. Bb5+ Nc6 4. O-O Bd7 5. Re1 Nf6 6. c3 a6 7. Bc4 b5 8. Bf1 Bg4
9. h3 Bh5 10. d4 e5 11. d5 Na7 12. a4 Be7 13. axb5 axb5 14. Na3 Rb8 15. Nc2 Qc7 16.
b4 c4 17. Bg5 h6 18. Bxf6 Bxf6 19. Qe2 O-O 20. g4 Bg6 21. Qe3 Nc8 22. Ra5 Qd7 23.
Rea1 Bd8 24. Ra6 Bb6 25. Qe1 Ne7 26. Nh4 Rfc8 27. Ne3 Kh7 28. Nef5 Bxf5 29. Nxf5
Nxf5 30. exf5 Qe7 31. Bg2 Qf6 32. R1a2 Kh8 33. Qa1 Qd8 34. Kf1 g6 35. Be4 Kg7 36.
Qb1 Qg5 37. fxg6 fxg6 38. Rxb6 Rxb6 39. Ra7+ Kf6 40. Qd1 Rcb8 41. Rd7 R8b7 42. Rd8
Kg7 43. Qf3 Rf7 44. Qg2 Qxd8 45. h4 Qxh4 46. Ke2 Rb8 47. f3 Ra8 48. Ke3 Qe1+ 49.
Qe2 Qxe2+ 50. Kxe2 Ra2+ 51. Ke3 Ra3 52. Kd2 h5 53. gxh5 gxh5 54. Kc2 h4 55. Kb2 Ra8
 0-1

[Event "1. OEsterreichische Internet Schach Meisterschaft - Vorrunde 3"]
[Site "Online - Playchess.com"]
[Date ""]
[Round "5"]
[Board "12"]
[White "Sulzbacher, Michael"]
[Black "Poetz, Florian"]
[Result "0-1"]
[WhiteElo "2018"]
[BlackElo "2422"]
[PlyCount "88"]
[EventDate "2020.04.17"]
[EventRounds "9"]
[EventCountry "AUT"]

1. b3 c5 2. Bb2 b6 3. f4 Bb7 4. Nf3 e6 5. e3 Nf6 6. a4 a6 7. Be2 Be7 8. O-O O-O 9.
Ne5 d6 10. Bf3 Ra7 11. Bxb7 Rxb7 12. Qf3 Rc7 13. Nc4 Nbd7 14. d3 Nd5 15. e4 Nb4 16.
Qe2 d5 17. Ne5 Bf6 18. Na3 Bxe5 19. fxe5 d4 20. c3 dxc3 21. Bxc3 Nc6 22. Nc4 b5 23.
axb5 axb5 24. Nd6 b4 25. Bb2 Ndxe5 26. Nc4 Qxd3 27. Qxd3 Nxd3 28. Ra6 Nxb2 29. Nxb2
Nd4 30. Rd1 Nxb3 31. Nc4 Nd4 32. Rb6 h6 33. Ne5 Rd8 34. Kf2 b3 35. Nc4 Ra8 36. Ke3
Ra2 37. Rxd4 cxd4+ 38. Kxd4 Rc2 39. Ne3 Rd2+ 40. Ke5 b2 41. g4 Rc5+ 42. Kf4 Rc1 43.
g5 hxg5+ 44. Kxg5 b1=Q  0-1

[Event "1. OEsterreichische Internet Schach Meisterschaft - Vorrunde 3"]
[Site "Online - Playchess.com"]
[Date ""]
[Round "5"]
[Board "13"]
[White "Knoll, Martin"]
[Black "Leisch, Lukas"]
[Result "0-1"]
[WhiteElo "2018"]
[BlackElo "2362"]
[PlyCount "42"]
[EventDate "2020.04.17"]
[EventRounds "9"]
[EventCountry "AUT"]

1. d4 Nf6 2. Nc3 d5 3. e4 dxe4 4. f3 exf3 5. Nxf3 c5 6. d5 e6 7. Bb5+ Bd7 8. dxe6
fxe6 9. Qe2 Qb6 10. Bxd7+ Nbxd7 11. O-O Be7 12. Ng5 O-O 13. Nxe6 Rfe8 14. Ng5 c4+
15. Be3 Qc6 16. Qd2 Ne5 17. Qd4 Neg4 18. Kh1 Nxe3 19. Qxe3 Bc5 20. Qg3 h6 21. Nf3
Re3  0-1

[Event "1. OEsterreichische Internet Schach Meisterschaft - Vorrunde 3"]
[Site "Online - Playchess.com"]
[Date ""]
[Round "5"]
[Board "14"]
[White "Enoeckl, Philipp"]
[Black "Doskocil, Klaus"]
[Result "1-0"]
[WhiteElo "2276"]
[BlackElo "2157"]
[PlyCount "87"]
[EventDate "2020.04.17"]
[EventRounds "9"]
[EventCountry "AUT"]

1. d4 Nf6 2. Bg5 g6 3. Bxf6 exf6 4. g3 f5 5. e3 Bg7 6. Bg2 O-O 7. Ne2 d5 8. O-O c6
9. b3 Be6 10. Qd3 Na6 11. a3 Rc8 12. Nd2 c5 13. c3 c4 14. bxc4 dxc4 15. Qb1 Bd5 16.
Bxd5 Qxd5 17. Nf4 Qd7 18. a4 b6 19. Qb5 Nb8 20. Qxd7 Nxd7 21. Rfb1 Rfe8 22. a5 bxa5
23. Rxa5 Rb8 24. Rxb8 Rxb8 25. Nxc4 Rc8 26. Rxa7 Rxc4 27. Rxd7 Rxc3 28. h4 h6 29.
h5 g5 30. Nd5 Rc1+ 31. Kg2 Rc2 32. Ne7+ Kh7 33. Nxf5 Kg8 34. Rd8+ Kh7 35. g4 Ra2
36. Kf3 Rb2 37. Rd7 Kg8 38. Rc7 Ra2 39. Rc6 Rb2 40. Nxh6+ Bxh6 41. Rxh6 Kg7 42. Rc6
Ra2 43. Rc5 Kh6 44. Rf5  1-0

[Event "1. OEsterreichische Internet Schach Meisterschaft - Vorrunde 3"]
[Site "Online - Playchess.com"]
[Date ""]
[Round "5"]
[Board "15"]
[White "Mayrhuber, Tobias"]
[Black "Postl, Anton"]
[Result "1-0"]
[WhiteElo "2045"]
[BlackElo "2290"]
[PlyCount "31"]
[EventDate "2020.04.17"]
[EventRounds "9"]
[EventCountry "AUT"]

1. e4 c5 2. Nf3 d6 3. Bb5+ Nd7 4. d4 cxd4 5. Qxd4 e5 6. Qa4 Ngf6 7. Nc3 Be7 8. Bg5
O-O 9. O-O-O Nc5 10. Qa3 Nfxe4 11. Bxe7 Qxe7 12. Nxe4 Nxe4 13. Rhe1 Nxf2 14. Rxe5
Qf6 15. Qxd6 Nxd1 16. Qxf8+  1-0

[Event "1. OEsterreichische Internet Schach Meisterschaft - Vorrunde 3"]
[Site "Online - Playchess.com"]
[Date ""]
[Round "5"]
[Board "16"]
[White "Steindl, Johannes"]
[Black "Exler, Veronika"]
[Result "0-1"]
[WhiteElo "2278"]
[BlackElo "2155"]
[PlyCount "90"]
[EventDate "2020.04.17"]
[EventRounds "9"]
[EventCountry "AUT"]

1. e4 c6 2. d4 d5 3. f3 Qb6 4. Nc3 dxe4 5. Bc4 exf3 6. Nxf3 Nf6 7. O-O e6 8. Bb3
Be7 9. Be3 Qc7 10. Ne5 Nbd7 11. Nd3 Nb6 12. Qf3 Nbd5 13. Bf2 Bd7 14. Rae1 O-O-O 15.
Nc5 Bd6 16. Kh1 h5 17. a4 Bxh2 18. N3e4 Nxe4 19. Nxe4 f5 20. Nc5 Rde8 21. c4 Nf6
22. Bc2 Ng4 23. Bh4 Rhg8 24. Bg5 Bd6 25. b4 Bxc5 26. Bf4 Bd6 27. g3 Bxf4 28. gxf4
Qd6 29. Qd3 g5 30. Bb3 gxf4 31. c5 Qc7 32. Qf3 h4 33. b5 Ne3 34. Rg1 Rxg1+ 35. Rxg1
Ng4 36. b6 axb6 37. Bc4 bxc5 38. dxc5 Qe5 39. a5 Qe4 40. Rf1 Qxc4 41. a6 Qxa6 42.
Rb1 Qc4 43. Qa3 Qd5+ 44. Kg1 Qd4+ 45. Kh1 Qe4+  0-1

[Event "1. OEsterreichische Internet Schach Meisterschaft - Vorrunde 3"]
[Site "Online - Playchess.com"]
[Date ""]
[Round "5"]
[Board "17"]
[White "Frank, Emanuel"]
[Black "Pernerstorfer, Max"]
[Result "1-0"]
[WhiteElo "2271"]
[BlackElo "1985"]
[PlyCount "79"]
[EventDate "2020.04.17"]
[EventRounds "9"]
[EventCountry "AUT"]

1. d4 Nf6 2. c4 c5 3. d5 e6 4. Nc3 exd5 5. cxd5 d6 6. Nf3 g6 7. g3 Bg7 8. Bg2 O-O
9. O-O a6 10. a4 Re8 11. Bf4 Nh5 12. Bg5 Qc7 13. h3 Nd7 14. Rc1 Rb8 15. Re1 b5 16.
axb5 axb5 17. b4 c4 18. Nd4 Ba6 19. g4 Nhf6 20. Bf4 Ne5 21. Ra1 Rb6 22. Nc6 Nxc6
23. dxc6 Rd8 24. Rxa6 Rxa6 25. Nxb5 Qb6 26. Nxd6 Qxb4 27. c7 Rf8 28. c8=Q Rxc8 29.
Nxc8 Bf8 30. Qb1 Qa5 31. Rc1 Qc5 32. Qb7 Ra2 33. Be3 Qa5 34. Ne7+ Kg7 35. Nc6 Qa3
36. Ne5 Qe7 37. Qxe7 Bxe7 38. Nxc4 Ra8 39. Bd4 Ra4 40. g5  1-0

[Event "1. OEsterreichische Internet Schach Meisterschaft - Vorrunde 3"]
[Site "Online - Playchess.com"]
[Date ""]
[Round "5"]
[Board "18"]
[White "Perhinig, Robert"]
[Black "Kuecher, Wolfgang"]
[Result "1/2-1/2"]
[WhiteElo "2252"]
[BlackElo "2117"]
[PlyCount "122"]
[EventDate "2020.04.17"]
[EventRounds "9"]
[EventCountry "AUT"]

1. d4 Nf6 2. Bg5 c5 3. d5 Qb6 4. Nc3 Qxb2 5. Bd2 Qb6 6. e4 d6 7. f4 e6 8. Rb1 Qc7
9. Bb5+ Bd7 10. dxe6 fxe6 11. Qe2 Nc6 12. Nf3 Be7 13. e5 dxe5 14. fxe5 Nd5 15. Nxd5
exd5 16. e6 Bc8 17. O-O O-O 18. Ng5 Nd4 19. Rxf8+ Bxf8 20. Qh5 g6 21. Qh4 Nxe6 22.
Rf1 Nxg5 23. Bxg5 Bg7 24. Bf4 Qb6 25. Be2 Bf5 26. Qe7 Bf6 27. Qc7 Qxc7 28. Bxc7 Rc8
29. Bd6 Bd4+ 30. Kh1 Bxc2 31. Bg4 Bf5 32. Bxf5 gxf5 33. Rxf5 Re8 34. g3 Rd8 35. Rxd5
Be5 36. Rxe5 Rxd6 37. Rxc5 Rd1+ 38. Kg2 Rd2+ 39. Kf3 Rxh2 40. a4 Ra2 41. a5 Rb2 42.
g4 Kg7 43. Kf4 Kg6 44. Rd5 Rb4+ 45. Kg3 b6 46. axb6 axb6 47. Kh4 Rb1 48. Rd6+ Kg7
49. Kg5 b5 50. Rd7+ Kg8 51. Rb7 b4 52. Kf6 h6 53. Kg6 Kf8 54. Kxh6 b3 55. Kg6 b2
56. g5 Ke8 57. Kg7 Rg1 58. Rxb2 Rxg5+ 59. Kf6 Rc5 60. Ke6 Rc6+ 61. Kd5 Rh6  1/2-1/2

[Event "1. OEsterreichische Internet Schach Meisterschaft - Vorrunde 3"]
[Site "Online - Playchess.com"]
[Date ""]
[Round "5"]
[Board "19"]
[White "Breneis, Lukas"]
[Black "Wimmer, Kevin"]
[Result "1-0"]
[WhiteElo "2257"]
[BlackElo "1944"]
[PlyCount "85"]
[EventDate "2020.04.17"]
[EventRounds "9"]
[EventCountry "AUT"]

1. e4 e5 2. Nc3 Bc5 3. Bc4 Nf6 4. d3 Nc6 5. Be3 Bb6 6. Nf3 d6 7. Nd5 Nxd5 8. exd5
Ne7 9. Bxb6 axb6 10. d4 exd4 11. Nxd4 O-O 12. O-O Ng6 13. Qd2 Qf6 14. Nb5 c6 15.
dxc6 bxc6 16. Nxd6 Rd8 17. Rad1 Ne5 18. Bb3 Bg4 19. f4 Bxd1 20. fxe5 Qxe5 21. Rxd1
Rd7 22. Kh1 Rf8 23. Nxf7 Rdxf7 24. Rf1 Qe7 25. Qf2 h6 26. Qxf7+ Qxf7 27. Rxf7 Rxf7
28. Bxf7+ Kxf7 29. Kg1 Ke6 30. Kf2 Kd5 31. Ke3 Ke5 32. c4 g6 33. b4 Kf5 34. a4 Ke5
35. g4 Kd6 36. Kd4 Ke6 37. a5 bxa5 38. bxa5 Kd6 39. c5+ Kc7 40. Ke5 Kb7 41. Kd6 h5
42. gxh5 gxh5 43. h4  1-0

[Event "1. OEsterreichische Internet Schach Meisterschaft - Vorrunde 3"]
[Site "Online - Playchess.com"]
[Date ""]
[Round "5"]
[Board "20"]
[White "Steiner, Adam"]
[Black "Reyhani, Adel"]
[Result "0-1"]
[WhiteElo "2251"]
[BlackElo "1918"]
[PlyCount "74"]
[EventDate "2020.04.17"]
[EventRounds "9"]
[EventCountry "AUT"]

1. d4 Nf6 2. Bf4 g6 3. Nc3 d5 4. e3 Bg7 5. h4 h5 6. Nf3 Bg4 7. Qd2 c6 8. Ne5 Qa5
9. Nxg4 hxg4 10. Be2 Nbd7 11. O-O-O b5 12. f3 b4 13. Nb1 gxf3 14. gxf3 Nh5 15. Bh2
O-O 16. a3 c5 17. dxc5 Qxc5 18. axb4 Qb6 19. c3 a5 20. b5 Nc5 21. Qxd5 Rfd8 22. Qc4
a4 23. Rxd8+ Rxd8 24. Rd1 Nb3+ 25. Kc2 Na1+ 26. Kc1 Qxe3+ 27. Nd2 Nb3+ 28. Qxb3 axb3
29. Bc4 Bh6 30. f4 Nxf4 31. Bxb3 Nd3+ 32. Kb1 Nf2 33. Rf1 Qxd2 34. b6 Qd3+ 35. Bc2
Qxf1+ 36. Ka2 Ra8+ 37. Kb3 Qb5#  0-1

[Event "1. OEsterreichische Internet Schach Meisterschaft - Vorrunde 3"]
[Site "Online - Playchess.com"]
[Date ""]
[Round "5"]
[Board "21"]
[White "Bachler, Reinhard"]
[Black "Brod, Manfred"]
[Result "1-0"]
[WhiteElo "2143"]
[BlackElo "2211"]
[PlyCount "81"]
[EventDate "2020.04.17"]
[EventRounds "9"]
[EventCountry "AUT"]

1. f4 d5 2. Nf3 g6 3. g3 Bg7 4. Bg2 e6 5. O-O Ne7 6. d3 d4 7. c4 O-O 8. Na3 c5 9.
Nc2 Nbc6 10. Bd2 e5 11. Rb1 a5 12. a3 a4 13. b4 axb3 14. Rxb3 f5 15. fxe5 Nxe5 16.
Qb1 N7c6 17. Rb5 Qe7 18. Bf4 h6 19. Re1 Ra7 20. Nxe5 Nxe5 21. Rb6 Kh7 22. h4 g5 23.
hxg5 hxg5 24. Bd2 f4 25. Be4+ Bf5 26. Rxb7 Rxb7 27. Qxb7 Qxb7 28. Bxb7 fxg3 29. a4
Rb8 30. Bd5 Rb2 31. Rc1 Bxd3 32. exd3 Kh6 33. Be4 Kh5 34. a5 g4 35. Ne1 Rxd2 36.
Ra1 Ng6 37. Bxg6+ Kxg6 38. a6 Bh6 39. Ng2 Be3+ 40. Nxe3 dxe3 41. a7  1-0

[Event "1. OEsterreichische Internet Schach Meisterschaft - Vorrunde 3"]
[Site "Online - Playchess.com"]
[Date ""]
[Round "5"]
[Board "22"]
[White "Pali, Philipp"]
[Black "Juenger, Heinz"]
[Result "1-0"]
[WhiteElo "2245"]
[BlackElo "2165"]
[PlyCount "93"]
[EventDate "2020.04.17"]
[EventRounds "9"]
[EventCountry "AUT"]

1. c4 Nf6 2. g3 g6 3. Bg2 d5 4. cxd5 Nxd5 5. Nf3 Bg7 6. O-O O-O 7. e4 Nb6 8. d4 Na6
9. Nc3 c5 10. Be3 Nc4 11. dxc5 Nxe3 12. fxe3 Nxc5 13. e5 Qd3 14. Nd5 Re8 15. Qxd3
Nxd3 16. Nc7 Bg4 17. Nxa8 Rxa8 18. b3 Nxe5 19. Nxe5 Bxe5 20. Rac1 Rb8 21. Bd5 e6
22. Bf3 Bxf3 23. Rxf3 Rd8 24. Rf2 Kg7 25. Rfc2 Rd3 26. Kf2 h5 27. Ke2 Rd7 28. Rd1
Re7 29. Rc5 f6 30. Rd8 Bc7 31. Ra8 Rd7 32. Rc3 Bb6 33. Rac8 e5 34. Rd3 Re7 35. h3
e4 36. Rd5 Bc7 37. g4 h4 38. b4 Bb6 39. a4 a6 40. a5 Bc7 41. Kd2 Be5 42. Rcd8 Kf7
43. R5d7 Ke6 44. Rxe7+ Kxe7 45. Rh8 Bg3 46. Rh7+ Kd6 47. Rxb7  1-0

[Event "1. OEsterreichische Internet Schach Meisterschaft - Vorrunde 3"]
[Site "Online - Playchess.com"]
[Date ""]
[Round "5"]
[Board "23"]
[White "Mittelberger, Peter"]
[Black "Riemelmoser, Stefan"]
[Result "1-0"]
[WhiteElo "2176"]
[BlackElo "2046"]
[PlyCount "141"]
[EventDate "2020.04.17"]
[EventRounds "9"]
[EventCountry "AUT"]

1. c4 e6 2. Nc3 d5 3. cxd5 exd5 4. d4 Nf6 5. Nf3 c6 6. Bf4 Bf5 7. e3 Bd6 8. Bg3 O-O
9. Bd3 Bxd3 10. Qxd3 h6 11. Ne5 Bxe5 12. Bxe5 Nbd7 13. Bg3 Re8 14. O-O Ne4 15. Nxe4
Rxe4 16. Rfe1 Nf6 17. f3 Re6 18. Bh4 Qb6 19. b3 Rae8 20. Bxf6 Rxf6 21. Rad1 Qa5 22.
Re2 Qa3 23. h3 a5 24. e4 dxe4 25. fxe4 a4 26. e5 Rg6 27. Rf2 axb3 28. axb3 Ree6 29.
Rdf1 Qe7 30. Qc4 Qg5 31. Qc3 Kh7 32. Qf3 Re7 33. Qf4 Qh5 34. Qf5 Qxf5 35. Rxf5 Kg8
36. Ra1 Kf8 37. Ra8+ Re8 38. Rxe8+ Kxe8 39. g4 Ke7 40. Kf2 Re6 41. Ke3 g6 42. Rf1
f6 43. Ke4 fxe5 44. dxe5 b6 45. Ra1 Kf7 46. Ra7+ Re7 47. Ra8 Ke6 48. Rh8 h5 49. gxh5
gxh5 50. Rh6+ Kd7 51. Rxh5 Rg7 52. h4 Rg3 53. Rh7+ Ke6 54. Rh6+ Kd7 55. Rd6+ Kc7
56. Rf6 Rg4+ 57. Rf4 Rg3 58. Kf5 Rxb3 59. h5 Rh3 60. Kg6 Kd7 61. Rg4 Ke6 62. Rg5
b5 63. h6 b4 64. h7 c5 65. Rh5 Rg3+ 66. Kh6 b3 67. h8=Q c4 68. Qf6+ Kd5 69. Qd6+
Ke4 70. Rh4+ Kf3 71. Rxc4  1-0

[Event "1. OEsterreichische Internet Schach Meisterschaft - Vorrunde 3"]
[Site "Online - Playchess.com"]
[Date ""]
[Round "5"]
[Board "24"]
[White "Frank, Paul"]
[Black "Kern, Michael"]
[Result "1-0"]
[WhiteElo "2208"]
[BlackElo "1957"]
[PlyCount "65"]
[EventDate "2020.04.17"]
[EventRounds "9"]
[EventCountry "AUT"]

1. Nf3 f5 2. g3 d6 3. d4 e6 4. Bg2 Nf6 5. O-O Be7 6. c4 O-O 7. Nc3 Ne4 8. Bd2 Bf6
9. Rc1 Nxd2 10. Qxd2 e5 11. dxe5 dxe5 12. Qd5+ Kh8 13. Rfd1 Qe7 14. e4 f4 15. gxf4
c6 16. Qd6 Qxd6 17. Rxd6 exf4 18. e5 Be7 19. Rd2 Bf5 20. Rcd1 Na6 21. h3 Rad8 22.
Nd4 Bg6 23. Ne6 Rxd2 24. Rxd2 Rf7 25. Nd8 Rf8 26. Nxb7 f3 27. Bf1 Nc5 28. Na5 Ne4
29. Nxe4 Bxe4 30. a3 h6 31. Rd4 Bd8 32. Nb7 c5 33. Rxd8  1-0

[Event "1. OEsterreichische Internet Schach Meisterschaft - Vorrunde 3"]
[Site "Online - Playchess.com"]
[Date ""]
[Round "5"]
[Board "25"]
[White "Kruckenhauser, Arthur"]
[Black "Wiedermann, Daniel"]
[Result "1-0"]
[WhiteElo "2233"]
[BlackElo "2048"]
[PlyCount "69"]
[EventDate "2020.04.17"]
[EventRounds "9"]
[EventCountry "AUT"]

1. e4 c6 2. c4 d5 3. cxd5 cxd5 4. exd5 Nf6 5. Nc3 Nxd5 6. Nf3 Nc6 7. Bb5 g6 8. O-O
Bg7 9. d4 O-O 10. Be3 Bg4 11. h3 Bxf3 12. Qxf3 Nxc3 13. bxc3 Rc8 14. Rab1 Na5 15.
Rfc1 b6 16. Rb4 e6 17. Bf4 Qe7 18. Bf1 Rfd8 19. Rd1 Rd5 20. Rb2 Qa3 21. Rc2 Nc4 22.
Bd3 Nb2 23. Bc1 Rxc3 24. Bxb2 Rxd3 25. Bxa3 Rxf3 26. gxf3 Bxd4 27. Rcd2 e5 28. Bb2
Ra5 29. Bxd4 exd4 30. Rxd4 Rxa2 31. Rd7 a5 32. Rb7 Rb2 33. Rdd7 f5 34. Rg7+ Kf8 35.
Rxh7  1-0

[Event "1. OEsterreichische Internet Schach Meisterschaft - Vorrunde 3"]
[Site "Online - Playchess.com"]
[Date ""]
[Round "5"]
[Board "27"]
[White "Flir, Emilio"]
[Black "Huber, Martin Christian"]
[Result "1/2-1/2"]
[WhiteElo "1843"]
[BlackElo "2341"]
[PlyCount "131"]
[EventDate "2020.04.17"]
[EventRounds "9"]
[EventCountry "AUT"]

1. d4 Nf6 2. Nf3 g6 3. c4 Bg7 4. Nc3 d5 5. Bf4 O-O 6. e3 Be6 7. cxd5 Nxd5 8. Nxd5
Bxd5 9. Be2 c5 10. O-O cxd4 11. Bxb8 Qxb8 12. Nxd4 Rd8 13. Qa4 a6 14. Rfd1 b5 15.
Qa3 e5 16. Nf3 Qb7 17. Rac1 Rd7 18. Rd2 Rad8 19. Rcd1 Bf8 20. Qc3 f6 21. b3 Be6 22.
Qb2 Rxd2 23. Rxd2 Rc8 24. h3 Bb4 25. Rc2 Rd8 26. a3 Be7 27. Rd2 Rxd2 28. Nxd2 Qd5
29. b4 f5 30. Nf3 Bf6 31. Qc2 Qd7 32. Qc5 e4 33. Nd4 Bxd4 34. exd4 Kf7 35. Qb6 Qc8
36. Qa7+ Kg8 37. Qc5 Qxc5 38. dxc5 Bd5 39. Kf1 Kf7 40. Ke1 Ke6 41. Kd1 Ke5 42. Kd2
Kd4 43. a4 Bc6 44. axb5 axb5 45. Kc2 f4 46. Kd2 e3+ 47. fxe3+ fxe3+ 48. Kc2 Bxg2
49. Bxb5 Bxh3 50. c6 Bf5+ 51. Kd1 Kc3 52. Ba6 Kxb4 53. c7 Kc3 54. c8=Q+ Bxc8 55.
Bxc8 g5 56. Ke2 Kd4 57. Bf5 h5 58. Bg6 h4 59. Bh5 h3 60. Bf3 h2 61. Bh1 g4 62. Bg2
g3 63. Bh1 Ke5 64. Kxe3 g2 65. Bxg2 h1=Q 66. Bxh1  1/2-1/2

[Event "1. OEsterreichische Internet Schach Meisterschaft - Vorrunde 3"]
[Site "Online - Playchess.com"]
[Date ""]
[Round "5"]
[Board "28"]
[White "Platzgummer, Fabian"]
[Black "Ragger, Anna-Christina"]
[Result "1-0"]
[WhiteElo "2336"]
[BlackElo "2204"]
[PlyCount "73"]
[EventDate "2020.04.17"]
[EventRounds "9"]
[EventCountry "AUT"]

1. e4 e5 2. Nf3 Nc6 3. d4 exd4 4. Nxd4 Nf6 5. Nxc6 bxc6 6. e5 Nd5 7. c4 Nb4 8. Nc3
Qe7 9. Bf4 g5 10. Bg3 Bg7 11. Be2 Bb7 12. O-O c5 13. Re1 O-O-O 14. a3 Nc6 15. Nd5
Qe8 16. Bh5 Bxe5 17. Ra2 d6 18. b4 Qd7 19. bxc5 Bxg3 20. hxg3 dxc5 21. Qa4 a6 22.
Rb2 Nd4 23. Ne7+ Kb8 24. Qxa6 c6 25. Reb1 Nb5 26. cxb5 Bxa6 27. bxc6+ Qb7 28. cxb7
Rd6 29. Bf3 Bd3 30. Rc1 c4 31. Nc6+ Rxc6 32. Bxc6 Rd8 33. a4 Rd6 34. Bf3 Ra6 35.
Rb4 Ra5 36. Rbxc4 Bxc4 37. Rxc4  1-0

[Event "1. OEsterreichische Internet Schach Meisterschaft - Vorrunde 3"]
[Site "Online - Playchess.com"]
[Date ""]
[Round "5"]
[Board "29"]
[White "Hechl, Gerald"]
[Black "Poecksteiner, Johann"]
[Result "0-1"]
[WhiteElo "2333"]
[BlackElo "2155"]
[PlyCount "44"]
[EventDate "2020.04.17"]
[EventRounds "9"]
[EventCountry "AUT"]

1. Nc3 c5 2. Nf3 Nc6 3. d4 cxd4 4. Nxd4 Nf6 5. Bg5 Qb6 6. Nb3 e6 7. Bxf6 gxf6 8.
g3 d5 9. Bg2 f5 10. O-O Bg7 11. e3 h5 12. h4 Ne5 13. a4 a6 14. a5 Qc7 15. Nd4 Bd7
16. Bxd5 exd5 17. Nxd5 Qd6 18. Nxf5 Bxf5 19. f4 Be4 20. Nc3 Qxd1 21. Raxd1 Nf3+ 22.
Kf2 Bxc3  0-1